Questioni in tema di moneta e titoli di credito

Saved in:
Bibliografiske detaljer
Hovedforfatter: Montel, Alberto (autor)
Format: Bog
Sprog:italiensk
Udgivet: Nápoles Jovene 1960
Fag:
Tags: Tilføj Tag
Ingen Tags, Vær først til at tagge denne postø!

MARC

LEADER 00000nam a2200000 a 4500
001 UCV2381
003 CL-VaPUC
008 920619e19600000IT |||||||||||||||||ita|d
082 0 4 |a 346.073  |b MON  |2 21 
100 |a Montel, Alberto  |e autor  |9 385712 
245 1 0 |a Questioni in tema di moneta e titoli di credito 
300 |a 232 p 
942 |c BK 
945 |d 19920619 00:00:00 
260 |a Nápoles  |b Jovene  |c 1960 
650 0 |a Derecho comercial   |9 256340 
583 |a last modification  |c 19920619 00:00:00  |k Rodrigo Vera 
999 |c 209970  |d 209968 
952 |0 0  |1 0  |4 0  |6 346_073000000000000_MON_1960  |7 0  |8 A  |9 185875  |a BIBDER  |b BIBDER  |d 2019-11-14  |i 2533553  |o 346.073 MON 1960  |p 2533553  |r 2023-01-25  |w 2019-11-14  |y BK  |k DER